header

Global governance, development and human security (Record no. 2791)

MARC details
000 -LEADER
fixed length control field 01407nam a22003494a 4500
082 04 - DEWEY DECIMAL CLASSIFICATION NUMBER
Classification number 303.44
100 1# - MAIN ENTRY--AUTHOR NAME
Personal name Thomas, Caroline,
245 10 - TITLE STATEMENT
Title Global governance, development and human security
260 ## - PUBLICATION, DISTRIBUTION, ETC. (IMPRINT)
Place of publication London ;
-- Sterling, VA. :
Name of publisher Pluto Press,
Year of publication c2000.
300 ## - PHYSICAL DESCRIPTION
Number of Pages xvi, 149 p.
490 1# - SERIES STATEMENT
Series statement Human security in the global economy
650 #0 - SUBJECT ADDED ENTRY--TOPICAL TERM
Topical Term Poverty.
Topical Term Economic security.
Topical Term Economic development
Topical Term Security, International
856 40 - ELECTRONIC LOCATION AND ACCESS
Uniform Resource Identifier http://site.ebrary.com/lib/rucke/Doc?id=5000382

No items available.

© 2026 Rongo University
Contact us: librarian | system librarian | Rongo university